| 000 | 00686nam a22001931i 4500 | ||
|---|---|---|---|
| 001 | 000030422 | ||
| 003 | RuMoIPM | ||
| 005 | 20260428104719.0 | ||
| 008 | 130415s1953----ur | c rus | ||
| 040 |
_aRuMoIPM _brus _ercr |
||
| 041 | 0 | _arus | |
| 080 | _a51(07) | ||
| 100 | 1 | _aМоденов, Петр Сергеевич | |
| 245 | 1 |
_aСборник задач по математике _bс анализом ошибок, допущенных поступавшими в высшие учебные заведения _cП. С. Моденов |
|
| 250 | _a4-е изд. | ||
| 260 |
_aМосква _bСоветская наука _c1953 |
||
| 300 |
_a384 с. _bчерт. |
||
| 942 | _cBK | ||
| 999 |
_c30422 _d30422 |
||